| 000 | 00383nam a22001337a 4500 | ||
|---|---|---|---|
| 020 | _a9781352005790 | ||
| 082 |
_a378.198 _bCOT |
||
| 100 | _aCottrell, Stella | ||
| 245 |
_a50 Ways to Manage Stress / _cStella Cottrell |
||
| 260 |
_aUnited Kingdom : _bRed Globe Press, _c2019. |
||
| 300 |
_a130p. ; _c15 cm. |
||
| 942 |
_2ddc _cBK |
||
| 999 |
_c588391 _d588391 |
||